Subdivision in Each European Country Map Quiz - Statistics

General Stats
  • This quiz has been taken 77 times
  • The average score is 23 of 44
Answers on the Map
Answers color-coded by a green-red scale on the quiz's map according to % correct below.
 
Answer Stats
Answer % Correct
Isle of Man
87%
Monte Carlo
79%
Schleswig-Holstein
79%
Abruzzo
77%
Utrecht
77%
Provence-Alpes-Côte d'Azur
75%
Transnistria
72%
Vladimir
72%
Wallonia
70%
Thessaly
68%
West Pomerania
68%
North Jutland
66%
Split-Dalmatia
66%
Cantabria
64%
Skåne
64%
Kerry
62%
Košice
58%
Styria
58%
Esch-sur-Alzette
57%
Gomel
57%
Braga
51%
Pest
51%
Burgas
47%
Vaud
47%
Viken
47%
Brčko
45%
Ivano-Frankivsk
45%
Akureyri
43%
Schaan
43%
Serravalle
43%
Timiș
43%
Hiiumaa
40%
Nikšić
40%
Pirkanmaa
38%
Prizren
38%
Šiauliai
38%
Escaldes-Engordany
36%
Liberec
34%
Berat
32%
Celje
32%
Liepāja
32%
Raška
30%
Bitola
28%
Central Region
28%
No matching quizzes found
Score Distribution
Percent of People with Each Score
Percentile by Number Answered
Your Score History
You have not taken this quiz